<?xml version="1.0" encoding="UTF-8"?><?xml-stylesheet type="text/xsl" href="static/style.xsl"?><OAI-PMH xmlns="http://www.openarchives.org/OAI/2.0/" xmlns:xsi="http://www.w3.org/2001/XMLSchema-instance" xsi:schemaLocation="http://www.openarchives.org/OAI/2.0/ http://www.openarchives.org/OAI/2.0/OAI-PMH.xsd"><responseDate>2026-06-06T00:41:11Z</responseDate><request verb="GetRecord" identifier="oai:riuma.uma.es:10630/19655" metadataPrefix="marc">https://riuma.uma.es/rest/oai/request</request><GetRecord><record><header><identifier>oai:riuma.uma.es:10630/19655</identifier><datestamp>2026-02-03T11:55:53Z</datestamp><setSpec>com_10630_2254</setSpec><setSpec>col_10630_37959</setSpec></header><metadata><record xmlns="http://www.loc.gov/MARC21/slim" xmlns:dcterms="http://purl.org/dc/terms/" xmlns:doc="http://www.lyncode.com/xoai" xmlns:xsi="http://www.w3.org/2001/XMLSchema-instance" xsi:schemaLocation="http://www.loc.gov/MARC21/slim http://www.loc.gov/standards/marcxml/schema/MARC21slim.xsd">
   <leader>00925njm 22002777a 4500</leader>
   <datafield ind2=" " ind1=" " tag="042">
      <subfield code="a">dc</subfield>
   </datafield>
   <datafield ind2=" " ind1=" " tag="720">
      <subfield code="a">Calleja-Reina, Marina</subfield>
      <subfield code="e">author</subfield>
   </datafield>
   <datafield ind2=" " ind1=" " tag="720">
      <subfield code="a">Luque-Liñán, María Luisa</subfield>
      <subfield code="e">author</subfield>
   </datafield>
   <datafield ind2=" " ind1=" " tag="720">
      <subfield code="a">Rodríguez-Santos, José Miguel</subfield>
      <subfield code="e">author</subfield>
   </datafield>
   <datafield ind2=" " ind1=" " tag="720">
      <subfield code="a">Ferrer-Urbano, Francisco Javier</subfield>
      <subfield code="e">author</subfield>
   </datafield>
   <datafield ind2=" " ind1=" " tag="720">
      <subfield code="a">León Carrión, José</subfield>
      <subfield code="e">author</subfield>
   </datafield>
   <datafield ind2=" " ind1=" " tag="260">
      <subfield code="c">2020-07-16</subfield>
   </datafield>
   <datafield ind2=" " ind1=" " tag="520">
      <subfield code="a">A challenge in higher education for the Speech and Language Therapy Degree is the training in clinical reasoning skills. Speech and Language Therapy students' competencies are progressively developed by transferring and improving the knowledge they acquire in several subjects by applying it to different clinical situations in an integrated and repeated way. Usually, curricula do not include a systematic method for training to solve clinical problems.&#xd;
In this framework, the authors have created the computer-based Language Assessment Training System (LATS) tool. This tool is a clinical reasoning training system for the diagnosis of virtual cases with language problems. LATS tool has been developed and funded by different Innovation Projects of the University of Málaga (PIE 10-12, PIE 13-15, PIE 17-19, PIE 19-21).&#xd;
Aim: &#xd;
This work aims to show the usefulness of LATS in the training of clinical reasoning skills for students of Speech and Language Therapy degree.&#xd;
Method:&#xd;
LATS has been used with 3rd and 4th-year Speech and Language Therapy students at the University of Málaga.&#xd;
Results:&#xd;
Analysis of student performance using LATS shows that &#xd;
a) repeated use of LATS improves student performance, &#xd;
b) students achieve the basic principles of clinical reasoning when trained with the LATS tool.&#xd;
Conclusions:&#xd;
LATS tool is a useful tool to develop and assess the clinical diagnostic skills of Speech and Language Therapy students.</subfield>
   </datafield>
   <datafield ind1="8" ind2=" " tag="024">
      <subfield code="a">https://hdl.handle.net/10630/19655</subfield>
   </datafield>
   <datafield tag="653" ind2=" " ind1=" ">
      <subfield code="a">Lenguaje - Trastornos</subfield>
   </datafield>
   <datafield tag="653" ind2=" " ind1=" ">
      <subfield code="a">Logopedia - Estudio y enseñanza</subfield>
   </datafield>
   <datafield tag="653" ind2=" " ind1=" ">
      <subfield code="a">Logopedia - Estudio y enseñanza - Innovaciones tecnológicas</subfield>
   </datafield>
   <datafield ind2="0" ind1="0" tag="245">
      <subfield code="a">Innovation in teaching for training in clinical reasoning of students of Speech and Language Therapy Degree</subfield>
   </datafield>
</record>
</metadata></record></GetRecord></OAI-PMH>